[Event "Zt"]
[Site "masterchessopen.com - Prague (Czech Republic)"]
[Round "19"]
[White "Sliwa Bogdan (POL)"]
[Black "Kluger Gyula (HUN)"]
[Result "1-0"]
[WhiteElo "2235"]
[BlackElo "2250"]

1.d4 Nf6 2.c4 e6 3.Nf3 c5 4.d5 exd5 5.cxd5 d6 6.Nc3 g6 7.g3 Bg7 8.Bg2 O-O
9.O-O a6 10.a4 Bg4 11.Nd2 Re8 12.Nc4 Bc8 13.a5 Qc7 14.Bf4 Bf8 15.Nb6 Ra7 16.e4
Nbd7 17.Qb3 Ne5 18.Rad1 Bg4 19.f3 Bd7 20.Kh1 Bg7 21.Be3 Raa8 22.f4 Neg4
23.Nxa8 Rxa8 24.Bg1 Nh5 25.e5 dxe5 26.d6 Qd8 27.Qxb7 Rb8 28.Qc7 Qe8 29.Nd5
exf4 30.Rfe1 Qd8 31.Re7 Be6 32.d7 Nhf6 33.Qxb8 {#r} 1-0

[Event "Ch URS (1/2 final)"]
[Site "masterchessopen.com - Tbilisi (Georgia)"]
[Round "14"]
[White "Buslaev Aleksander (GEO)"]
[Black "Polugaevsky Lev A (RUS)"]
[Result "0-1"]
[WhiteElo "2200"]
[BlackElo "2585"]

1.c4 Nf6 2.d4 c5 3.d5 e6 4.Nc3 exd5 5.cxd5 d6 6.Nf3 g6 7.g3 Bg7 8.Bg2 O-O
9.O-O Na6 10.Nd2 Nc7 11.a4 b6 12.Rb1 Ba6 13.b4 cxb4 14.Rxb4 Bb7 15.Nb3 Qd7
16.h3 Rac8 17.Rd4 Ba8 18.Rd2 a6 19.e4 b5 20.Na5 Rfe8 21.Re1 bxa4 22.Nc6 Bxc6
23.dxc6 Qxc6 24.e5 Qxc3 25.Bb2 Qb4 26.exf6 Bh6 27.f4 a3 28.Ba1 Nb5 29.Re7 Rxe7
30.fxe7 Re8 31.Re2 Bg7 32.Kh2 Bxa1 33.Qxa1 Qc3 34.Qd1 Qf6 35.Qe1 Rxe7 36.Rxe7
a2 37.Bd5 a1=Q 38.Bxf7+ Kf8 {#R} 0-1

[Event "Ch Club Argentino"]
[Site "masterchessopen.com - Buenos Aires (Argentina)"]
[Round "0"]
[White "Polo Gomez Vicente (ARG)"]
[Black "Balduzzi Reynaldo (ARG)"]
[Result "1-0"]
[WhiteElo "2212"]
[BlackElo "2370"]

1.d4 Nf6 2.c4 e6 3.Nc3 c5 4.d5 exd5 5.cxd5 d6 6.Nf3 g6 7.g3 Bg7 8.Bg2 O-O
9.O-O Na6 10.Nd2 Nc7 11.a4 b6 12.e4 Bb7 13.Re1 Qd7 14.Nc4 Ba6 15.Nxd6 Qxd6
16.e5 Qd7 17.exf6 Bxf6 18.d6 Ne6 19.Bxa8 Rxa8 20.Qf3 Kg7 21.Nd5 Bd4 22.Nc7
Nxc7 23.Re7 Qh3 24.Qxf7+ Kh8 25.Bg5 Nd5 26.Rae1 Nxe7 27.dxe7 {#r} 1-0

[Event "Ch Ukraine"]
[Site "masterchessopen.com - Kiev (Ukraine)"]
[Round "7"]
[White "Savon Vladimir A (UKR)"]
[Black "Sakharov Yuri N (RUS)"]
[Result "0-1"]
[WhiteElo "2443"]
[BlackElo "2475"]

1.d4 Nf6 2.c4 g6 3.Nc3 Bg7 4.g3 O-O 5.Bg2 c5 6.d5 e6 7.Nf3 exd5 8.cxd5 d6
9.O-O Na6 10.Nd2 Nc7 11.a4 b6 12.Rb1 Re8 13.b3 a6 14.Bb2 b5 15.e4 Rb8 16.h3
Nh5 17.Kh2 f5 18.axb5 axb5 19.Qc2 b4 20.Ne2 Ba6 21.Bxg7 Kxg7 22.Rfe1 Bxe2
23.Rxe2 Nxd5 24.Ra1 Nc3 25.Re3 f4 26.gxf4 Nxf4 27.Rxc3 bxc3 28.Qxc3+ Kh6
29.Nf1 Qg5 30.Ne3 Ne2 31.Qd2 Qe5+ 32.f4 Qxa1 33.Qxe2 Rxb3 34.Ng4+ Kg7 35.Qc4
Qc3 {#R} 0-1

[Event "Olympiad URS"]
[Site "masterchessopen.com - Moscow (Russia)"]
[Round "0"]
[White "Barenbaum Alejandro (ARG)"]
[Black "Keres Paul (EST)"]
[Result "0-1"]
[WhiteElo "2200"]
[BlackElo "2580"]

1.d4 Nf6 2.c4 g6 3.Nf3 Bg7 4.g3 c5 5.d5 e6 6.Nc3 exd5 7.cxd5 d6 8.Bg2 O-O
9.O-O a6 10.a4 Nbd7 11.Bf4 Qc7 12.h3 Re8 13.Qc2 b6 14.Rad1 Rb8 15.Na2 b5
16.axb5 axb5 17.b3 Nb6 18.Ng5 h6 19.Nc3 hxg5 20.Nxb5 Qd7 21.Bxd6 Qxb5 22.Bxb8
Bf5 23.e4 Bxe4 24.Bxe4 Nxe4 25.Bc7 Nc3 26.Bxb6 Nxd1 27.Qxc5 Qxc5 28.Bxc5 Nc3
29.d6 Bf8 30.Kg2 Rd8 {#R} 0-1

[Event "It (a)"]
[Site "masterchessopen.com - Beverwijk (Netherlands)"]
[Round "14"]
[White "Van Scheltinga Theo D (NED)"]
[Black "Langeweg Kick (NED)"]
[Result "0-1"]
[WhiteElo "2325"]
[BlackElo "2309"]

1.d4 Nf6 2.c4 c5 3.d5 e6 4.Nc3 exd5 5.cxd5 d6 6.Nf3 g6 7.g3 Bg7 8.Bg2 O-O
9.O-O Na6 10.Nd2 Nc7 11.a4 b6 12.Rb1 Re8 13.h3 Qe7 14.Nc4 Ba6 15.b3 Nd7 16.Ne4
Bxc4 17.bxc4 f5 18.Bg5 Qf8 19.Nd2 h6 20.Be3 g5 21.Nf3 Re7 22.Bd2 Rae8 23.e3 a5
24.Ne1 Na6 25.g4 Nb4 26.f4 gxf4 27.Rxf4 Rf7 28.gxf5 Rxf5 29.Qg4 Rxf4 30.exf4
Nf6 31.Qg6 Qf7 32.f5 Qxg6 33.fxg6 Ne4 34.Bf4 Nc3 {#R} 0-1

[Event "Olympiad (students) (team)"]
[Site "masterchessopen.com - Budva (Yugoslavia)"]
[Round "0"]
[White "Garcia Gilberto"]
[Black "Jongsma Alexander (NED)"]
[Result "1-0"]
[WhiteElo "2265"]
[BlackElo "2215"]

1.d4 Nf6 2.c4 c5 3.d5 e6 4.Nc3 exd5 5.cxd5 d6 6.Nf3 g6 7.g3 Bg7 8.Bg2 O-O
9.O-O Na6 10.Nd2 Nc7 11.Nc4 b6 12.Nxd6 Qxd6 13.Bf4 Qd8 14.d6 Ne6 15.Bxa8 Nxf4
16.gxf4 Nh5 17.Qd2 Bh6 18.e3 Qh4 19.Ne2 Ba6 20.Bg2 Qg4 21.Rfe1 Bb7 22.Ng3 Bxg2
23.Kxg2 Rd8 24.Rad1 Bf8 25.Qe2 Qh4 26.Nxh5 gxh5 27.d7 Qf6 28.Qxh5 Qxb2 29.Kh1
Qf6 30.Rg1+ Kh8 31.Qg4 Bg7 32.Rd6 Qb2 33.Qg5 {#r} 1-0

[Event "Zt"]
[Site "masterchessopen.com - Enschede (Netherlands)"]
[Round "13"]
[White "Mazzoni Guy (FRA)"]
[Black "Filip Miroslav (CZE)"]
[Result "0-1"]
[WhiteElo "2191"]
[BlackElo "2465"]

1.d4 Nf6 2.c4 c5 3.d5 e6 4.Nc3 exd5 5.cxd5 d6 6.g3 g6 7.Bg2 Bg7 8.Nf3 O-O
9.O-O a6 10.a4 Nbd7 11.a5 b5 12.axb6 Nxb6 13.e4 Nfd7 14.Re1 Re8 15.Qc2 Ne5
16.Nxe5 Bxe5 17.f4 Bg7 18.Be3 Rb8 19.Bf2 Qc7 20.Bf1 Ra8 21.Bg2 f6 22.h3 Qd8
23.Kh2 Nd7 24.Ra2 Nf8 25.Raa1 Rb8 26.Ra2 g5 27.f5 Nd7 28.Bf1 Ne5 29.Rea1 Re7
30.Nd1 g4 31.h4 Qe8 32.Bg2 Bh6 33.Kh1 Nf3 34.Bxf3 gxf3 35.Nc3 Qh5 36.Kh2 Rg7
37.Rh1 Bf4 38.Rg1 Qxh4# 0-1

[Event "Cup BRD (team)"]
[Site "masterchessopen.com - Bamberg (Germany)"]
[Round "1"]
[White "Pokern Norbert (GER)"]
[Black "Huebner Wolfgang (GER)"]
[Result "0-1"]
[WhiteElo "2235"]
[BlackElo "2191"]

1.d4 Nf6 2.c4 e6 3.Nf3 c5 4.d5 exd5 5.cxd5 d6 6.Nc3 g6 7.g3 Bg7 8.Bg2 O-O
9.O-O Na6 10.Nd2 Nc7 11.Nc4 b5 12.Nxd6 Qxd6 13.Bf4 Qd7 14.d6 Ne6 15.Bxa8 Nxf4
16.gxf4 Qg4+ 17.Bg2 Bb7 18.e4 Qxf4 19.Qd3 b4 20.Ne2 Qe5 21.f4 Qxb2 22.Rfb1 c4
23.Qxc4 Qd2 24.e5 Qe3+ 25.Kh1 Qh3 {#R} 0-1

[Event "It"]
[Site "masterchessopen.com - Varna (Bulgaria)"]
[Round "0"]
[White "Baumbach Friedrich Dr (GER)"]
[Black "Filipowicz Andrzej (POL)"]
[Result "1-0"]
[WhiteElo "2239"]
[BlackElo "2330"]

1.d4 Nf6 2.c4 c5 3.d5 e6 4.Nc3 exd5 5.cxd5 d6 6.Nf3 g6 7.g3 Bg7 8.Bg2 O-O
9.O-O a6 10.a4 Qc7 11.Nd2 c4 12.a5 Nbd7 13.Qa4 b5 14.axb6 Nxb6 15.Qc6 Ra7
16.Rd1 Rd8 17.Nde4 Nfxd5 18.Qxc7 Nxc7 19.Bg5 Rd7 20.Be3 Nca8 21.Rxd6 f5
22.Nf6+ Bxf6 23.Rxf6 Rab7 24.Bxb7 Rxb7 25.Rxa6 Rf7 26.Raxb6 Nxb6 27.Rxb6 {#r}
1-0

[Event "It \"]
[Site "masterchessopen.com - Moscow (Russia)"]
[Round "0"]
[White "Lapienis Donatas (LTU)"]
[Black "Seoev Robert (TKM)"]
[Result "1-0"]
[WhiteElo "2282"]
[BlackElo "2221"]

1.d4 g6 2.Nf3 Bg7 3.g3 Nf6 4.c4 c5 5.d5 e6 6.Bg2 exd5 7.cxd5 d6 8.Nc3 O-O
9.O-O b6 10.Nd2 Ba6 11.a4 Re8 12.Re1 Nbd7 13.Nb5 Ne5 14.h3 Qe7 15.Ra3 Bxb5
16.axb5 c4 17.Kf1 Nh5 18.Ne4 h6 19.Bd2 f5 20.Nc3 Rf8 21.Kg1 Qf7 22.f4 Nxg3
23.fxe5 dxe5 24.Be3 g5 25.d6 e4 26.Qd5 Qxd5 27.Nxd5 Bxb2 28.Ra4 Be5 29.d7 Rfd8
30.Ne7+ Kf7 31.Nc6 Bc3 32.Nxd8+ Rxd8 33.Rd1 f4 34.Bf2 Nxe2+ 35.Kf1 f3 36.Rxa7
Nf4 37.Bxf3 {#r} 1-0

[Event "Ch Great Britain (juniors)"]
[Site "masterchessopen.com - Oxford (England)"]
[Round "9"]
[White "Sugden John N (ENG)"]
[Black "Wood Baruch"]
[Result "0-1"]
[WhiteElo "2180"]
[BlackElo "2192"]

1.d4 Nf6 2.c4 e6 3.g3 c5 4.d5 exd5 5.cxd5 d6 6.Nc3 g6 7.Bg2 Bg7 8.Nf3 O-O
9.O-O Na6 10.e4 Bg4 11.h3 Bxf3 12.Qxf3 Rb8 13.Qe2 Re8 14.Be3 Nc7 15.a4 b6
16.f4 Nfxd5 17.Nxd5 Nxd5 18.exd5 Rxe3 19.Qxe3 Bd4 20.Qxd4 cxd4 21.Rfd1 Rc8
22.Rxd4 Rc2 23.b4 Qc7 24.Ra3 Qe7 25.Re4 Rxg2+ {#R} 0-1

[Event "Ch World (juniors)"]
[Site "masterchessopen.com - Stockholm (Sweden)"]
[Round "7"]
[White "Sumiacher Carlos (ARG)"]
[Black "Fridjonsson Julius (ISL)"]
[Result "1-0"]
[WhiteElo "2315"]
[BlackElo "2190"]

1.c4 Nf6 2.Nc3 c5 3.Nf3 g6 4.d4 Bg7 5.d5 e6 6.g3 exd5 7.cxd5 d6 8.Bg2 O-O
9.O-O Na6 10.Nd2 Nc7 11.Nc4 Rb8 12.Bf4 Nfe8 13.a4 b6 14.Ne4 b5 15.Ncxd6 Nxd6
16.Bxd6 Re8 17.Bxc5 Bxb2 18.Rb1 bxa4 19.Rxb2 Rxb2 20.Bd4 Rb5 21.Nf6+ Kf8
22.Nxh7+ Kg8 23.Nf6+ Kf8 24.Qd2 {#r} 1-0

[Event "Cup Glorney"]
[Site "masterchessopen.com - Glasgow (Scotland)"]
[Round "3"]
[White "Bailey R (ENG)"]
[Black "Merbis Max (NED)"]
[Result "1-0"]
[WhiteElo "2340"]
[BlackElo "2138"]

1.d4 Nf6 2.c4 c5 3.d5 e6 4.Nc3 exd5 5.cxd5 d6 6.g3 g6 7.Bg2 Bg7 8.Nf3 O-O
9.O-O Re8 10.Nd2 Na6 11.e4 Nc7 12.a4 b6 13.f4 Ng4 14.Nf3 a6 15.e5 Rb8 16.h3
Nh6 17.Ne4 dxe5 18.d6 Ne6 19.fxe5 Nf5 20.g4 Nfd4 21.Nfg5 Rf8 22.Nf6+ Bxf6
23.Rxf6 Ng7 24.Bd5 Be6 25.Bxe6 fxe6 26.Ne4 Rb7 27.Bg5 Qc8 28.Qd3 Rff7 29.Raf1
Ne8 30.Rxf7 Rxf7 31.Rxf7 Kxf7 32.Qf1+ Kg8 33.Be7 Ng7 {#r} 1-0

[Event "It (juniors) (under 20)"]
[Site "masterchessopen.com - Arosa (Switzerland)"]
[Round "10"]
[White "Ogaard Leif (NOR)"]
[Black "Bassler Markus (GER)"]
[Result "1-0"]
[WhiteElo "2340"]
[BlackElo "2290"]

1.d4 Nf6 2.c4 e6 3.Nc3 c5 4.d5 exd5 5.cxd5 d6 6.Nf3 g6 7.g3 Bg7 8.Bg2 O-O
9.O-O Na6 10.Nd2 Nc7 11.Nc4 b5 12.Nxd6 Qxd6 13.Bf4 Qb6 14.d6 Rd8 15.dxc7 Rxd1
16.Rfxd1 Bb7 17.Bxb7 Qxb7 18.Rd8+ Ne8 19.Rad1 Bd4 20.Rb8 Qc6 21.Nd5 Kg7 22.Ne7
Qe4 23.c8=Q Rxb8 24.Qxb8 Qxe7 25.Qxb5 Nf6 26.e3 Be5 27.Bxe5 Qxe5 28.Qb3 Qf5
29.Qb8 Qh3 30.Qe5 Qxh2+ 31.Kxh2 {#r} 1-0

[Event "It"]
[Site "masterchessopen.com - Polanica Zdroj (Poland)"]
[Round "0"]
[White "Razuvaev Yuri S (RUS)"]
[Black "Zuckerman Bernard (USA)"]
[Result "0-1"]
[WhiteElo "2490"]
[BlackElo "2460"]

1.d4 Nf6 2.c4 e6 3.g3 c5 4.d5 exd5 5.cxd5 d6 6.Nc3 g6 7.Bg2 Bg7 8.Nf3 O-O
9.O-O a6 10.a4 Nbd7 11.Bf4 Qe7 12.h3 Rb8 13.Rb1 Nh5 14.Bg5 f6 15.Bd2 f5 16.Bg5
Qe8 17.Qd2 Ne5 18.Bh6 Bxh6 19.Qxh6 f4 20.Ng5 Qe7 21.Nce4 Bf5 22.g4 Bxe4
23.Bxe4 Nf6 24.Bg2 Kh8 25.Ne6 Ng8 26.Qg5 Rf6 27.Qh4 g5 28.Qxg5 Rxe6 29.Qxf4
Ng6 {#R} 0-1

[Event "Olympiad"]
[Site "masterchessopen.com - Skopje (Macedonia)"]
[Round "7"]
[White "Katlan"]
[Black "Matsumoto Yasuji (JPN)"]
[Result "1-0"]
[WhiteElo "2200"]
[BlackElo "2205"]

1.d4 Nf6 2.c4 c5 3.d5 e6 4.Nc3 exd5 5.cxd5 d6 6.g3 g6 7.Bg2 Bg7 8.Nf3 O-O
9.O-O Na6 10.Re1 Re8 11.e4 Nc7 12.a4 Na6 13.Nd2 Ng4 14.Nf3 Nb4 15.h3 Ne5
16.Nxe5 Bxe5 17.Be3 a6 18.a5 Bd7 19.f4 Bg7 20.e5 Bf5 21.g4 Bc2 22.Qd2 Bb3
23.Ne4 dxe5 24.Nxc5 Bxd5 25.Qxb4 Bxg2 26.Kxg2 Qd5+ 27.Qe4 Qxe4+ 28.Nxe4 Rac8
29.f5 gxf5 30.gxf5 Rc2+ 31.Kf3 Rxb2 32.Rg1 Kh8 33.Bc5 Rd8 34.Rab1 Rh2 35.Rxb7
Rd3+ 36.Be3 Rxh3+ 37.Kf2 h5 38.Rb8+ {#r} 1-0

[Event "Olympiad"]
[Site "masterchessopen.com - Skopje (Macedonia)"]
[Round "9"]
[White "Pustina Ylvi (ALB)"]
[Black "Tatai Stefano (ITA)"]
[Result "1-0"]
[WhiteElo "2289"]
[BlackElo "2460"]

1.d4 Nf6 2.c4 e6 3.g3 c5 4.d5 exd5 5.cxd5 d6 6.Nc3 g6 7.Bg2 Bg7 8.Nf3 O-O
9.O-O Bg4 10.Nd2 Qd7 11.f3 Bh3 12.e4 Bxg2 13.Kxg2 b5 14.a4 b4 15.Ne2 Qe7
16.Nf4 Nfd7 17.Nd3 Rc8 18.Rb1 c4 19.Nxb4 a5 20.Na2 Na6 21.Qe2 Nb6 22.Re1 Qd7
23.Nc3 Rab8 24.Nf1 Nc5 25.Be3 Nbxa4 26.Bxc5 Rxc5 27.Ne3 Rb4 28.e5 Bxe5 29.Ng4
Nxc3 30.bxc3 Rxb1 31.Rxb1 Bxc3 32.Qe3 Bg7 33.Qxc5 f5 34.Qc6 {#r} 1-0

[Event "It"]
[Site "masterchessopen.com - Zagreb (Croatia)"]
[Round "5"]
[White "Marovic Drazen (CRO)"]
[Black "Planinec Albin (SLO)"]
[Result "1-0"]
[WhiteElo "2465"]
[BlackElo "2520"]

1.d4 Nf6 2.c4 c5 3.d5 e6 4.Nc3 exd5 5.cxd5 d6 6.g3 g6 7.Bg2 Bg7 8.Nf3 O-O
9.O-O Na6 10.h3 Bd7 11.Bf4 b5 12.Bxd6 Re8 13.a3 Ne4 14.Nxe4 Rxe4 15.Nd2 Re8
16.Bf4 Bxb2 17.Rb1 Bg7 18.e4 Rc8 19.Nb3 c4 20.Nd4 Qa5 21.Be3 Nc5 22.Nc6 Qxa3
23.Rxb5 Nd3 24.Ra5 Qc3 25.Rxa7 Bxc6 26.dxc6 Rxc6 27.Qa4 Rcc8 28.Rb1 Bd4
29.Rxf7 Bxe3 30.fxe3 Ne5 31.Rc7 Qxe3+ 32.Kh2 Rcd8 33.Rbb7 Qf2 34.Rg7+ {#r} 1-0

[Event "It \"]
[Site "masterchessopen.com - Amsterdam (Netherlands)"]
[Round "0"]
[White "Marovic Drazen (CRO)"]
[Black "Planinec Albin (SLO)"]
[Result "0-1"]
[WhiteElo "2480"]
[BlackElo "2525"]

1.d4 Nf6 2.c4 c5 3.d5 e6 4.Nc3 exd5 5.cxd5 d6 6.Nf3 g6 7.g3 Bg7 8.Bg2 O-O
9.O-O Na6 10.h3 Bd7 11.e4 Qc8 12.Kh2 Re8 13.Re1 c4 14.e5 dxe5 15.Nxe5 Bf5
16.Bg5 Nb4 17.Rc1 Nd7 18.Nxd7 Qxd7 19.Rxe8+ Rxe8 20.Qd2 Nd3 21.Rd1 b5 22.g4 b4
23.Ne2 Be4 24.Bxe4 Rxe4 25.f3 Re8 26.b3 Qxd5 27.bxc4 Qxf3 28.Ng1 Re7 {#R} 0-1

[Event "Ch Uzbekistan"]
[Site "masterchessopen.com - URS"]
[Round "0"]
[White "Mkrychian Alla (UZB)"]
[Black "Kayumov Dmitry D (UZB)"]
[Result "1-0"]
[WhiteElo "2099"]
[BlackElo "2441"]

1.d4 Nf6 2.c4 c5 3.d5 e6 4.Nc3 exd5 5.cxd5 d6 6.Nf3 g6 7.g3 Bg7 8.Bg2 O-O
9.O-O a6 10.a4 Nbd7 11.Bf4 Qc7 12.Re1 Nh5 13.Bg5 h6 14.Bd2 f5 15.Qc1 Kh7 16.e4
Rb8 17.exf5 gxf5 18.Re7 Qd8 19.Rxg7+ Nxg7 20.Bxh6 Nf6 21.Ng5+ Kg8 22.Bxg7 Kxg7
23.Ne6+ Bxe6 24.Qg5+ Kh8 25.dxe6 Nh7 26.Qf4 Rf6 27.Re1 Qe7 28.Nd5 Rxe6 29.Nxe7
Rxe1+ 30.Bf1 Rxe7 31.Qxd6 Rbe8 32.Qxc5 Re5 33.Qd4 Kg8 34.Bc4+ Kf8 35.f4 {#r}
1-0

[Event "Cup URS"]
[Site "masterchessopen.com - Tbilisi (Georgia)"]
[Round "0"]
[White "Mikenas Vladas I (EST)"]
[Black "Fedorov Vladislav (RUS)"]
[Result "0-1"]
[WhiteElo "2405"]
[BlackElo "2436"]

1.d4 Nf6 2.c4 e6 3.g3 c5 4.d5 exd5 5.cxd5 d6 6.Nc3 g6 7.Bg2 Bg7 8.Nf3 O-O
9.Bf4 Re8 10.O-O h6 11.Re1 g5 12.Bc1 Nbd7 13.e4 Nh7 14.a4 a6 15.Rb1 Rb8 16.Bd2
Nhf8 17.b4 Ng6 18.Bh3 cxb4 19.Rxb4 Nc5 20.Bf1 a5 21.Rc4 Bg4 22.h3 Bxf3 23.Qxf3
Ne5 24.Qh5 Nb3 25.Nb1 Nxc4 26.Bxc4 Nxd2 27.Nxd2 Bc3 28.Nf3 Bxe1 29.Qxh6 Bc3
30.Nxg5 Qf6 31.Qh7+ Kf8 32.Qh5 Qg6 {#R} 0-1

[Event "Tournament (team)"]
[Site "masterchessopen.com - Groningen (Netherlands)"]
[Round "0"]
[White "Sosonko Gennadi (NED)"]
[Black "Ligterink Gert (NED)"]
[Result "1-0"]
[WhiteElo "2470"]
[BlackElo "2365"]

1.d4 Nf6 2.c4 e6 3.g3 c5 4.d5 exd5 5.cxd5 d6 6.Nc3 g6 7.Bg2 Bg7 8.Nf3 O-O
9.O-O Re8 10.Bf4 a6 11.a4 Ne4 12.Nxe4 Rxe4 13.Nd2 Rb4 14.Ra2 g5 15.Be3 h6
16.b3 b5 17.axb5 Rxb5 18.Nc4 a5 19.Bd2 Qc7 20.f4 Nd7 21.e4 Nb6 22.e5 Nxc4
23.bxc4 Rb4 24.exd6 Qxd6 25.fxg5 hxg5 26.Qh5 Qg6 27.Qxg6 fxg6 28.Bxb4 cxb4
29.d6 Ra6 30.Rd2 Bd7 31.c5 {#r} 1-0

[Event "Olympiad"]
[Site "masterchessopen.com - Haifa (Israel)"]
[Round "0"]
[White "Sosonko Gennadi (NED)"]
[Black "Ornstein Axel (SWE)"]
[Result "1-0"]
[WhiteElo "2505"]
[BlackElo "2413"]

1.d4 Nf6 2.c4 e6 3.g3 c5 4.d5 exd5 5.cxd5 d6 6.Nc3 g6 7.Bg2 Bg7 8.Nf3 O-O
9.O-O Na6 10.h3 Re8 11.Nd2 Nc7 12.Nc4 a6 13.Bf4 Bf8 14.a4 Rb8 15.e4 b5 16.Na5
Bd7 17.Nc6 Bxc6 18.dxc6 b4 19.Nd5 Nxe4 20.Nxc7 Qxc7 21.Qd5 Nf6 22.Qxc5 Nh5
23.Qc4 Nxf4 24.Qxf4 Bg7 25.Qd2 b3 26.Rac1 Re5 27.Bd5 Rbe8 28.Bxb3 Re2 29.Qd3
Bxb2 30.Rc4 {#r} 1-0

[Event "Ch Netherlands (team)"]
[Site "masterchessopen.com - Netherlands"]
[Round "0"]
[White "Enklaar Bertus F (NED)"]
[Black "Ligterink Gert (NED)"]
[Result "0-1"]
[WhiteElo "2390"]
[BlackElo "2430"]

1.d4 Nf6 2.c4 e6 3.g3 c5 4.d5 exd5 5.cxd5 d6 6.Nc3 g6 7.Bg2 Bg7 8.Nf3 O-O
9.O-O a6 10.e4 Bg4 11.a4 Nbd7 12.h3 Bxf3 13.Qxf3 c4 14.Qe2 Qc7 15.a5 Ne5
16.Be3 Nfd7 17.Na4 Nd3 18.Nb6 Nxb6 19.Bxb6 Qd7 20.Rab1 Qb5 21.f4 Rfe8 22.Qc2
Rac8 23.Rf3 Nb4 24.Qe2 Nxd5 25.Bf2 Nc3 {#R} 0-1

[Event "Ch Great Britain"]
[Site "masterchessopen.com - Ayr (England)"]
[Round "8"]
[White "Freeman Michael Roy (NZL)"]
[Black "Giulian Philip M (SCO)"]
[Result "0-1"]
[WhiteElo "2218"]
[BlackElo "2294"]

1.d4 Nf6 2.c4 c5 3.d5 e6 4.Nc3 exd5 5.cxd5 d6 6.g3 g6 7.Bg2 Bg7 8.Nf3 O-O
9.O-O a6 10.a4 Nbd7 11.Bf4 Qc7 12.Rc1 Qb8 13.h3 b5 14.axb5 axb5 15.Qb3 b4
16.Na4 Ne4 17.Qc2 Re8 18.b3 Nb6 19.Nxb6 Qxb6 20.Nd2 Nxd2 21.Qxd2 Ra3 22.Qc2
Ba6 23.Bf3 Bb5 24.Rb1 Qa6 25.Rfe1 Bc3 26.Bc1 Bd3 27.exd3 Rxe1+ 28.Kg2 Ra2
29.Rb2 Rxb2 30.Bxb2 Qa2 31.d4 Qxb2 32.Qf5 gxf5 {#R} 0-1

[Event "It (open)"]
[Site "masterchessopen.com - Brilon (Germany)"]
[Round "2"]
[White "Boog Frithjof Dr (GER)"]
[Black "Lhagva Jambaldoo (MGL)"]
[Result "1-0"]
[WhiteElo "2120"]
[BlackElo "2144"]

1.d4 Nf6 2.c4 c5 3.d5 e6 4.Nc3 exd5 5.cxd5 d6 6.Nf3 g6 7.g3 Bg7 8.Bg2 O-O
9.O-O Re8 10.Nd2 Nfd7 11.h3 a6 12.a4 b6 13.Nde4 Nf6 14.Bg5 h6 15.Nxf6+ Bxf6
16.Bxh6 Kh7 17.Bf4 Rh8 18.g4 Qe7 19.Ne4 Be5 20.Bxe5 Qxe5 21.Qd2 f5 22.gxf5
Bxf5 23.Ng5+ Kg8 24.e4 Bd7 25.f4 Qe7 26.f5 Rh5 27.Ne6 gxf5 28.exf5 Qf6 29.Qf4
Bxe6 30.fxe6 Qxf4 31.Rxf4 Ra7 32.Raf1 Rb7 33.Rg4+ {#r} 1-0

[Event "It (open)"]
[Site "masterchessopen.com - Lone Pine (USA)"]
[Round "0"]
[White "Youngworth Perry (USA)"]
[Black "Shamkovich Leonid (USA)"]
[Result "0-1"]
[WhiteElo "2215"]
[BlackElo "2485"]

1.d4 Nf6 2.c4 e6 3.g3 c5 4.d5 exd5 5.cxd5 d6 6.Nc3 g6 7.Bg2 Bg7 8.Nf3 O-O
9.O-O Na6 10.Nd2 Nc7 11.Nc4 Nfe8 12.a4 b6 13.Qb3 Ba6 14.Nb5 Qd7 15.Bf4 Nxb5
16.axb5 Qxb5 17.Qxb5 Bxb5 18.Nxd6 Bxe2 19.Rfe1 Nxd6 20.Bxd6 Rfe8 21.Bc7 Bb5
22.d6 Rxe1+ 23.Rxe1 Re8 24.Ra1 Bxb2 25.Rb1 Bd7 26.Bd5 Bd4 27.Bc4 Kf8 28.Bd3
Re6 29.Kf1 Rf6 30.f4 g5 {#R} 0-1

[Event "It \"]
[Site "masterchessopen.com - Warsaw (Poland)"]
[Date "1978.06.01"]
[Round "3"]
[White "Boehlig Heinz Dr (GER)"]
[Black "Filipowicz Andrzej (POL)"]
[Result "0-1"]
[WhiteElo "2237"]
[BlackElo "2330"]

1.d4 Nf6 2.g3 c5 3.d5 e6 4.c4 exd5 5.cxd5 d6 6.Nc3 g6 7.Bg2 Bg7 8.Nf3 O-O
9.O-O Na6 10.Nd2 Nc7 11.a4 b6 12.Nc4 Ba6 13.Na3 Re8 14.Re1 Ng4 15.h3 Ne5
16.Bd2 Rb8 17.Qb3 b5 18.axb5 Bxb5 19.Ncxb5 a6 20.f4 Nd7 21.Nc4 Rxb5 22.Qd3 Nb6
23.Nxb6 Rxb6 24.Bc3 Qb8 25.Ra2 Rb3 26.e3 Qb4 27.Rc1 Nb5 28.Bxb4 Rxd3 29.Be1
Rdxe3 30.Bf2 Bd4 31.Rxa6 Rxg3 32.Rb6 Re2 33.Rf1 Rxb2 34.Kh2 Rgb3 {#R} 0-1

[Event "Ch Netherlands (open)"]
[Site "masterchessopen.com - Velp (Netherlands)"]
[Round "7"]
[White "Scheeren Peter (NED)"]
[Black "Wind Michiel A (NED)"]
[Result "1-0"]
[WhiteElo "2445"]
[BlackElo "2345"]

1.d4 Nf6 2.c4 c5 3.d5 e6 4.Nc3 exd5 5.cxd5 d6 6.Nf3 g6 7.g3 Bg7 8.Bg2 O-O
9.O-O b6 10.Bf4 Ba6 11.a4 Re8 12.Qc2 Qe7 13.Rfe1 Nbd7 14.Rad1 Nh5 15.Bg5 f6
16.Bc1 Bh8 17.Bh3 Ng7 18.Nh4 Qf7 19.f4 c4 20.Ne4 Qe7 21.Bxd7 Qxe4 22.Qxe4 Rxe4
23.f5 Rd8 24.Be6+ Nxe6 25.fxe6 f5 26.Nf3 c3 27.bxc3 Rxe2 28.Bg5 Re8 29.Nd4
Rxe1+ 30.Rxe1 Be5 31.Rxe5 dxe5 32.d6 Bc8 33.d7 Rf8 34.Nc6 {#r} 1-0

[Event "It"]
[Site "masterchessopen.com - Salgotarjan (Hungary)"]
[Round "0"]
[White "Szabolcsi Janos (HUN)"]
[Black "Kanya Zoltan (HUN)"]
[Result "1-0"]
[WhiteElo "2382"]
[BlackElo "2009"]

1.d4 Nf6 2.c4 e6 3.g3 c5 4.d5 exd5 5.cxd5 d6 6.Nc3 g6 7.Bg2 Bg7 8.Nf3 O-O
9.Nd2 a6 10.a4 Nbd7 11.Nc4 Nb6 12.Na3 Bd7 13.O-O Rb8 14.a5 Nc8 15.Nc4 Bb5
16.Qb3 Bxc4 17.Qxc4 Nd7 18.Bd2 Re8 19.e4 Ne5 20.Qe2 f6 21.f4 Nd7 22.h4 f5
23.Qd3 fxe4 24.Nxe4 b5 25.Bh3 c4 26.Qc2 Nc5 27.Ng5 Bd4+ 28.Kh1 Qf6 29.f5 Ne7
30.Ra3 Nd3 31.fxg6 Qxg6 32.Be6+ Kh8 33.Nf7+ Kg7 34.Bh6+ Kg8 35.Nxd6+ Kh8
36.Nf7+ Kg8 37.Ne5+ Qxe6 38.dxe6 {#r} 1-0

[Event "It"]
[Site "masterchessopen.com - Baerum"]
[Round "5"]
[White "Ogaard Leif (NOR)"]
[Black "Westerinen Heikki M J (FIN)"]
[Result "1-0"]
[WhiteElo "2408"]
[BlackElo "2340"]

1.d4 Nf6 2.c4 c5 3.d5 e6 4.Nc3 exd5 5.cxd5 d6 6.Nf3 g6 7.g3 Bg7 8.Bg2 O-O
9.O-O Bd7 10.Nd2 b5 11.a4 b4 12.Nb5 Bxb5 13.axb5 Nbd7 14.Nc4 Nb6 15.Na5 Re8
16.Nc6 Qd7 17.Ra6 Qg4 18.Bf4 Qxe2 19.Bxd6 Nfd7 20.b3 Bf8 21.Bxf8 Kxf8 22.d6
Qxd1 23.Rxd1 Re2 24.Nxb4 Rae8 25.Nd3 R2e6 26.Nb2 Re1+ 27.Rxe1 Rxe1+ 28.Bf1 Rb1
29.Nc4 Rd1 30.Kg2 Kg7 31.Be2 Rd4 32.Rxa7 Nxc4 33.Bxc4 Rxd6 34.b6 Kf6 35.f4 Ke7
36.Bb5 Kd8 37.Ra8+ Ke7 38.b7 {#r} 1-0

[Event "Ch Brazil"]
[Site "masterchessopen.com - Nova Friburgo (Brazil)"]
[Round "8"]
[White "Asfora Marco (BRA)"]
[Black "Milos Gilberto (BRA)"]
[Result "1-0"]
[WhiteElo "2219"]
[BlackElo "2597"]

1.d4 Nf6 2.g3 c5 3.d5 g6 4.Bg2 Bg7 5.c4 O-O 6.Nc3 e6 7.Nf3 exd5 8.cxd5 d6
9.O-O Re8 10.Nd2 Na6 11.Nc4 Nc7 12.a4 b6 13.Nxd6 Qxd6 14.Bf4 Qd8 15.d6 Ne6
16.Bxa8 Nxf4 17.gxf4 Re6 18.Bg2 Rxd6 19.Qc1 Nh5 20.a5 Qh4 21.e3 g5 22.Rd1 Bd4
23.exd4 Rh6 24.Qe3 Bg4 25.Qe8+ Kg7 26.Qe5+ f6 27.Qc7+ {#r} 1-0